000 01291cam a22003617a 4500
003 CHAP
005 20220817041937.0
008 971013s1974 r 00010 d
010 _a29520
011 _a30492
035 _a34604
040 _cCHAP
082 0 4 _a327
_bL4Y
100 0 0 _aLevin, Aída Luisa.
_966444
245 1 3 _aLa OEA y la ONU
_b: relaciones en el campo de la paz y la seguridad
260 _aMéxico :
_bSecretaría de Relaciones Exteriores,
_c1974
300 _a149 p.
490 0 _aCuestiones internacionales contemporáneas
_v; 4
590 _aBATCH-UPD
_b10
_c20130110
_lUCH01
_h0233
590 _aBATCH-UPD
_b10
_c20130110
_lUCH01
_h1922
590 _aBATCH-UPD
_b10
_c20130409
_lUCH01
_h2258
590 _aBATCH-UPD
_b10
_c20130410
_lUCH01
_h1248
590 _aBATCH-UPD
_b10
_c20130914
_lUCH01
_h1612
590 _aCONVERSION
_b10
_c20130109
_lUCH01
_h1317
650 1 4 _aRelaciones internacionales.
_995822
710 0 2 _aOrganización de los Estados Americanos.
710 2 2 _aNaciones Unidas
_980012
830 0 _aCuestiones internacionales contemporáneas
_v; 4
_930118
901 _aBK
942 _cLIBRO
949 _a327 L4Y
_bBC
_cLIBRO
_d33724000939468
_eLIBRO
_h52064
_i34604
_si
_t80.00
949 _a327 L4Y
_bBC
_cLIBRO
_d33724002324223
_eLIBRO
_fc.2
_h116224
_i34604
_sb
999 _c29520
_d29520